Egy év, húsz év, száz év..

Elmentve itt :
Bibliográfiai részletek
Szerző: SZÁSZ János
Adatforrás:Meister
Forrásdokumentuma:A Hét. -
2 sz., 1994, 16 p.
Nyelv:magyar
Kulcsszavak:politikai publicisztika
jugoszláv válság
kisebbségi kérdés
Gyulafehérvári Határozatok
Románia
LEADER 00469nab a2200169 i 4500
001 bibPRO00004302
008 060524s1994 xx hun
040 |a Sz1 
041 |a hun 
100 1 |a SZÁSZ János 
245 1 4 |a Egy év, húsz év, száz év..  |c SZÁSZ János 
695 |a politikai publicisztika 
695 |a jugoszláv válság 
695 |a kisebbségi kérdés 
695 |a Gyulafehérvári Határozatok 
695 |a Románia 
773 0 |t A Hét. -  |g 2 sz., 1994, 16 p.